000 01206nam0a22002651 4500
001 rc\1079409
005 20041126173557.5
035 _a(NLR Aleph) 006327896
090 _a7514232
_c7514232
100 _a20041126d1984 u |0rusy50 ca
101 0 _arus
102 _aRU
105 _aa |||||||||
200 1 _aИзыскание и строительство водоудерживающих сооружений на просадочных грунтах
_fЕ.Н. Сквалецкий, к. г.-м. н.
210 _aМ.
_cЦБНТИ Минводхоза СССР
_d1984
215 _a48 с.
_cграф.
_d20
225 1 _aМелиорация и водное хозяйство
_hСерия 9
_iИзыскание и проектирование гидромелиоративных систем
_eОбзор. информ.
_fМ-во мелиорации и вод. хоз-ва СССР, ЦБНТИ
_vВып. 1
300 _aНа обл. авт. не указан
320 _aБиблиогр.: с. 42-45
700 1 _aСквалецкий
_bЕ. Н.
_gЕвгений Николаевич
801 0 _aRU
_bNLR
_gpsbo
801 1 _aRU
_bELAR
_2rusmarc
852 _aNLR
_jП13/1643
942 _cBOOK
980 _aNB